|
|
|
|
| LEADER |
00883pam a22002418a 4500 |
| 001 |
00044744 |
| 005 |
20191003141039.0 |
| 008 |
170516s2006 ||||||Viesd |
| 020 |
# |
# |
|c 78000
|a 9786045737750
|
| 041 |
0 |
# |
|a Vie
|
| 082 |
1 |
# |
|a 351.597
|b H107CH
|
| 100 |
0 |
# |
|a Nguyễn, Trọng Bình
|
| 245 |
0 |
0 |
|a Hành chính công và quản trị công - Một số vấn đề lý luận và thực tiễn
|c Nguyễn Trọng Bình
|b sách tham khảo
|
| 260 |
# |
# |
|a Hà Nội
|b Chính trị quốc gia
|c 2018
|
| 300 |
# |
# |
|a 320 tr.
|c 21 cm.
|
| 653 |
# |
# |
|a Hành chính công
|
| 653 |
# |
# |
|a Lý luận
|
| 653 |
# |
# |
|a Quản lí công
|
| 653 |
# |
# |
|a Thực tiễn
|
| 653 |
# |
# |
|a Việt Nam
|
| 852 |
# |
# |
|j KD.0025407
|j KM.0031550
|j KM.0031551
|
| 910 |
# |
# |
|d 3/10/2019
|
| 980 |
# |
# |
|a Trung tâm Học liệu Lê Vũ Hùng, Trường Đại học Đồng Tháp
|